Finish the quote - Statistics

General Stats
  • This quiz has been taken 30 times
  • The average score is 3 of 6
Answer Stats
Start Answer % Correct
_____ like nobody is watching. Dance
83%
Live as if you were to die____. Learn as if you were to live forever. Tomorrow
72%
Be the _____ you wish to see in the world. Change
69%
You only live once, but if you do it ____, once is enough. Right
66%
Be yourself, everyone else is already ____. Taken
55%
Without ____, life would be a mistake. Music
0%
No matching quizzes found
Score Distribution
Percent of People with Each Score
Percentile by Number Answered
Your Score History
You have not taken this quiz